Every 1,000,000+ City in China - Statistics

General Stats
  • This quiz has been taken 9 times
  • The average score is 93 of 203
Answer Stats
Province Letter Population City % Correct
Beijing B 24,010,550 Beijing
100%
Sichuan C 21,190,460 Chengdu
100%
Chongqing C 30,704,524 Chongqing
100%
Guangdong G 76,246,080 Guangzhou (Pearl River Delta)
100%
Zhejiang H 12,410,992 Hangzhou
100%
Heilongjiang H 7,311,226 Harbin
100%
Anhui H 8,826,481 Hefei
100%
Hong Kong H-K 7,544,280 Hong Kong
100%
Shandong J 8,694,706 Jinan
100%
Jiangsu N 9,507,360 Nanjing
100%
Zhejiang N 8,141,004 Ningbo
100%
Shandong Q 8,115,427 Qingdao
100%
Shanghai S 34,890,407 Shanghai
100%
Tianjin T 14,150,978 Tianjin
100%
Fujian X 15,204,298 Xiamen
100%
Shaanxi X 13,289,065 Xi'An
100%
Hunan C 10,215,077 Changsha
88%
Fujian F 6,704,254 Fuzhou
88%
Jiangxi F 1,122,650 Fuzhou
88%
Jilin J 2,556,012 Jilin
88%
Yunnan K 6,505,793 Kunming
88%
Liaoning S 9,065,010 Shenyang
88%
Guangdong S 18,170,058 Shenzhen
88%
Xinjiang U 4,355,139 Ürümqi
88%
Hubei W 15,704,153 Wuhan
88%
Shandong Z 2,830,781 Zibo
88%
Inner Mongolia B 2,337,006 Baotou
75%
Heilongjiang D 1,704,493 Daqing
75%
Guangdong F 9,518,994 Foshan
75%
Hainan H 3,532,984 Haikou
75%
Hebei H 2,117,099 Handan
75%
Inner Mongolia H 3,039,466 Hohhot
75%
Jiangsu H 2,257,139 Huai'an
75%
Anhui H 2,004,558 Huainan
75%
Gansu L 4,109,045 Lanzhou
75%
Guangxi N 6,370,280 Nanning
75%
Heilongjiang Q 1,591,016 Qiqihar
75%
Guangdong S 13,721,090 Shantou
75%
Qinghai X 2,515,813 Xining
75%
Henan Z 10,116,447 Zhengzhou
75%
Guangdong Z 2,490,426 Zhuhai
75%
Liaoning A 3,319,157 Anshan
63%
Hebei B 4,807,041 Baoding
63%
Anhui B 1,706,844 Bengbu
63%
Liaoning D 6,817,800 Dalian
63%
Anhui F 3,270,502 Fuyang
63%
Jiangxi G 2,166,508 Ganzhou
63%
Guangxi G 2,182,301 Guilin
63%
Guizhou G 5,619,034 Guiyang
63%
Guangdong H 1,553,257 Huizhou
63%
Zhejiang H 1,260,313 Huzhou
63%
Zhejiang J 1,827,223 Jiaxing
63%
Henan K 2,209,743 Kaifeng
63%
Shandong L 4,428,121 Linyi
63%
Guangxi L 3,058,332 Liuzhou
63%
Henan L 4,580,401 Luoyang
63%
Guangdong M 1,416,050 Maoming
63%
Jiangsu N 1,973,127 Nantong
63%
Henan N 2,427,649 Nanyang
63%
Hebei Q 2,402,562 Qinhuangdao
63%
Hebei S 7,618,909 Shijiazhuang
63%
Jiangsu S 9,117,230 Suzhou
63%
Anhui S 2,630,139 Suzhou
63%
Shandong T 1,664,050 Tai'an
63%
Shanxi T 5,709,346 Taiyuan
63%
Zhejiang T 4,408,026 Taizhou
63%
Jiangsu T 1,100,760 Taizhou
63%
Shandong W 2,610,780 Weifang
63%
Shandong W 1,916,405 Weihai
63%
Zhejiang W 5,192,801 Wenzhou
63%
Anhui W 2,307,011 Wuhu
63%
Jiangsu W 7,208,595 Wuxi
63%
Henan X 2,063,020 Xinxiang
63%
Jiangsu X 4,111,757 Xuzhou
63%
Shandong Y 2,703,366 Yantai
63%
Zhejiang Y 3,095,310 Yiwu
63%
Henan A 1,851,303 Anyang
50%
Jilin C 6,208,795 Changchun
50%
Hunan C 1,285,898 Changde
50%
Inner Mongolia C 1,081,403 Chifeng
50%
Guangdong D 11,089,535 Dongguan
50%
Hunan H 1,830,434 Hengyang
50%
Shandong H 1,197,222 Heze
50%
Shandong J 1,516,041 Jining
50%
Sichuan L 1,407,023 Luzhou
50%
Sichuan M 2,630,192 Mianyang
50%
Jiangxi N 4,359,090 Nanchang
50%
Henan P 1,140,509 Pingdingshan
50%
Henan P 1,337,009 Puyang
50%
Fujian Q 6,227,004 Quanzhou
50%
Shaanxi X 1,733,196 Xianyang
50%
Hebei X 1,282,505 Xingtai
50%
Henan X 1,553,064 Xuchang
50%
Jiangsu Y 1,611,036 Yancheng
50%
Ningxia Y 2,628,590 Yinchuan
50%
Guangdong Z 1,847,096 Zhanjiang
50%
Guizhou Z 2,502,350 Zunyi
50%
Shaanxi B 2,043,905 Baoji
38%
Guangxi B 1,209,907 Beihai
38%
Shanxi C 1,285,037 Changzhi
38%
Jiangsu C 5,090,721 Changzhou
38%
Anhui C 1,158,034 Chuzhou
38%
Shanxi D 2,105,556 Datong
38%
Sichuan D 1,306,830 Deyang
38%
Shandong D 1,292,090 Dezhou
38%
Hubei E 1,116,094 Ezhou
38%
Anhui H 2,151,209 Huaibei
38%
Henan J 1,219,907 Jiaozuo
38%
Zhejiang J 1,442,098 Jinhua
38%
Liaoning J 1,348,223 Jinzhou
38%
Jiangsu L 1,584,412 Lianyungang
38%
Anhui L 1,327,202 Lu'An
38%
Sichuan N 2,209,691 Nanchong
38%
Liaoning P 1,210,995 Panjin
38%
Fujian P 2,414,509 Putian
38%
Shandong R 1,811,353 Rizhao
38%
Henan S 1,779,125 Shangqiu
38%
Jiangxi S 1,971,402 Shangrao
38%
Zhejiang S 3,206,020 Shaoxing
38%
Jiangsu S 1,682,246 Suqian
38%
Hebei T 6,510,790 Tangshan
38%
Hubei X 2,561,800 Xiangyang
38%
Jiangsu Y 2,788,060 Yangzhou
38%
Hubei Y 1,449,057 Yichang
38%
Hunan P 1,216,380 Yueyang
38%
Jiangsu Z 1,794,423 Zhenjiang
38%
Guangdong Z 4,520,376 Zhongshan
38%
Shaanxi A 1,202,911 Ankang
25%
Anhui A 1,391,460 Anqing
25%
Liaoning B 1,001,414 Benxi
25%
Hebei C 1,627,063 Cangzhou
25%
Hebei C 1,107,724 Chengde
25%
Zhejiang C 2,319,035 Cixi
25%
Liaoning F 1,708,290 Fushun
25%
Guangxi G 1,114,725 Guigang
25%
Hebei H 1,092,155 Hengshui
25%
Jiangxi J 1,266,750 Jiujiang
25%
Hebei L 1,188,075 Langfang
25%
Shandong L 1,303,705 Liaocheng
25%
Liaoning L 1,154,140 Liaoyang
25%
Guizhou L 1,153,079 Liupanshui
25%
Anhui M 1,449,630 Ma'anshan
25%
Sichuan M 1,099,825 Meishan
25%
Guangdong M 1,108,006 Meizhou
25%
Yunnan Q 1,458,890 Qujing
25%
Zhejiang Q 1,337,820 Quzhou
25%
Guangdong S 1,026,075 Shaoguan
25%
Chongqing W 1,217,901 Wanzhou
25%
Hubei X 1,091,303 Xiaogan
25%
Henan X 1,620,707 Xinyang
25%
Sichuan Y 1,522,170 Yibin
25%
Guangxi Y 1,343,910 Yulin
25%
Hebei Z 2,292,830 Zhangjiakou
25%
Fujian Z 3,756,431 Zhangzhou
25%
Guangdong Z 1,263,910 Zhaoqing
25%
Henan Z 1,593,033 Zhoukou
25%
Hunan Z 2,154,467 Zhuzhou
25%
Sichuan Z 1,162,047 Zigong
25%
Guangxi B 1,064,470 Baise
13%
Shandong B 1,185,905 Binzhou
13%
Anhu B 1,633,108 Bozhou
13%
Guangdong C 1,904,970 Chaozhou
13%
Hunan C 1,109,752 Chenzhou
13%
Liaoning D 1,315,040 Dandong
13%
Hebei F 1,066,021 Fengrun
13%
Liaoning F 1,106,647 Fuxin
13%
Shaanxi H 1,017,476 Hanzhong
13%
Xinjiang I 1,036,772 Ili
13%
Guangdong J 1,716,007 Jiangmen
13%
Guangdong J 3,291,692 Jieyang
13%
Hubei J 1,007,457 Jingmen
13%
Hubei J 1,207,595 Jingzhou
13%
Shanxi J 1,112,064 Jinzhong
13%
Heilongjiang J 1,109,025 Jixi
13%
Henan J 1,206,375 Jiyuan
13%
Xinjiang K 1,179,434 Kashgar
13%
Zhejiang L 1,106,655 Longgang
13%
Fujian L 1,364,047 Longyan
13%
Henan L 1,421,747 Luohe
13%
Heilongjiang M 1,276,702 Mudanjiang
13%
Sichuan N 1,073,778 Neijiang
13%
Fujian N 1,126,095 Ningde
13%
Jiangxi P 1,215,006 Pingxiang
13%
Guangdong P 1,057,131 Puning
13%
Guizhou Q 1,315,190 Qianxinan
13%
Guangdong Q 1,310,525 Qingyuan
13%
Guangxi Q 1,033,506 Qinzhou
13%
Hainan S 1,094,548 Sanya
13%
Zhejiang S 1,187,565 Shengzhou
13%
Shandong S 1,046,153 Shizhong
13%
Gansu T 1,251,195 Tianshui
13%
Anhui T 1,016,902 Tongling
13%
Guizhou T 1,050,298 Tongren
13%
Shaanxi W 1,160,319 Weinan
13%
Guangxi W 1,409,835 Wuzhou
13%
Hunan X 1,335,790 Xiangtan
13%
Guangdong Y 1,307,900 Yangjiang
13%
Liaoning Y 1,002,128 Yingkou
13%
Shanxi Y 1,010,467 Yuncheng
13%
Zhejiang Y 1,300,606 Yuyao
13%
Zhejiang Z 1,215,065 Zhoushan
13%
Zhejiang Z 1,055,090 Zhuji
13%
Henan Z 1,074,006 Zhumadian
13%
No matching quizzes found
Score Distribution
Percent of People with Each Score
Percentile by Number Answered
Your Score History
You have not taken this quiz